La Bodega

Furkejuvvon:
Bibliográfalaš dieđut
Váldodahkki: Blasco Ibañez, Vicente
Materiálatiipa: Girji
Giella:Undetermined
Almmustuhtton: Valencia, España Prometeo 1905
Fáttát:
Fáddágilkorat: Lasit fáddágilkoriid
Eai fáddágilkorat, Lasit vuosttaš fáddágilkora!

MARC

LEADER 00000nam a2200000Ia 4500
008 170316s9999 xx 000 0 und d
040 |a cru BVZT 
090 |a 862 B-17b 
100 |a Blasco Ibañez, Vicente 
245 |a La Bodega 
260 |a Valencia, España 
260 |b Prometeo 
260 |c 1905 
300 |a 363 páginas 
650 |a LITERATURA ESPAÑOLA 
999 |c 9518  |d 9518 
942 |c 15 D  |h 862 B-17b  |2 z